| 000 | 00405nam a22001457a 4500 | ||
|---|---|---|---|
| 005 | 20251121182817.0 | ||
| 008 | 251121b |||||||| |||| 00| 0 eng d | ||
| 020 | _a0895862808 | ||
| 050 | _aTH4763 TAN | ||
| 100 | _aTanler, Bill | ||
| 245 |
_aSwimming Pools _bhow to plan, maintain & enjoy _cBill Tanler |
||
| 260 |
_aTucson, AZ _bHP Books _c1984 |
||
| 300 |
_a160p. _bill, color _c27.5cm |
||
| 942 |
_2lcc _cBK _n0 |
||
| 999 |
_c8313 _d8313 |
||